1729 1785 1641 1887 1766 1211 1758 1286 1447 1154 1977 1460 1388 1864 1512 1711 1464 1609 1833 1449 1059 1866 1570 1364 1424 1859 1389 1938 1166 1935 1034 1920 1141 1603 1022 1573 1712 1900 1592 1298 1782 1417 1475 1948 1154 1319 1528 1687 1767 1644 1341 1871 1657 1333 1033 1264 1788 1988 1035 1904 1818 1379 1462 1015 1356 1016 1878 1749 1658 1784 1715 1508 1730 1765 1430 1956 1893 1594 1401 1582 1269 1454 1487 1682 1286 1837 1514 1503 1839 1008 1937 1517 1299 1183 1720 1457 1364 1136 1114 BCNSPRNW ULIB Ver.6.0+V

เปลี่ยนเป็นภาษาไทย

Change to English
 แสดงรายละเอียดบรรณานุกรม
  กลับหน้าหลัก

Brief Record : Get Marc (ISO 2709) : E-mail record : QR code < ปิดหน้าต่าง
LEADER : 00000nam 2200000uu 4500
001    13399120592
003     ULIB
008    120928s2553||||th 000 0 tha d
020    ^a9746435477(ล.1)
020    ^a9789746435468
060  4 ^aWY100^bม111ก ล1
110 1  ^aมหาวิทยาลัยสุโขทัยธรรมาธิราช^bสาขาวิชาพยาบาลศาสตร์
245 00 ^aเอกสารการสอนชุดวิชา การพยาบาลชุมชนและการรักษาพยาบาลเบื้องต้น หน่วยที่1-7=^bCommunity nursing and primary medical care/^cมหาวิทยาลัยสุโขทัยธรรมาธิราช
246 0  ^aCommunity nursing and primary medical care
250    ^aพิมพ์ครั้งที่ 11
260    ^aนนทบุรี:^bศูนย์หนังสือมหาวิทยาลัยสุโขทัยธรรมาธิราช,^c2553
300    ^a600 หน้า
945    ^p245^l0^i18370
945    ^p245^l0^i18371
995    ^aวิภา
999    ^aใช้งานได้ทุกระบบ
รายการนี้ยังไม่มีแท็ก
คุณยังไม่ได้ล็อกอิน คุณสามารถมีกิจกรรมร่วมกับเว็บไซต์ได้ แต่ต้องล็อกอินก่อน ::
  ล็อกอิน

รายการสื่อสารสนเทศ

ลำดับที่ ประเภท เลขเรียก/บาร์โค้ด สถานที่ สถานะ
1. วิทยาศาสตร์การแพทย์ และสุขภาพ
วิทยาศาสตร์การแพทย์ และสุขภาพ
WY100 ม111ก ล1 ฉ.2 
  Barcode: 18371
ห้องสมุดวิทยาเขตนครสวรรค์
►ส่วนจัดเก็บหนังสือเก่า นว.
บนชั้น
  ขอยืม

BibComment


ยังไม่เคยถูกคอมเมนท์

คอมเมนท์ทรัพยากรรายการนี้
  คอมเมนท์: เอกสารการสอนชุดว..


 Copyright 2026. Bcnsprnw @Library